|
|
|
|
| LEADER |
00000nab a2200000 a 4500 |
| 001 |
vtls011113857 |
| 003 |
SK-MaSNL |
| 005 |
20260303190523.0 |
| 008 |
230222|2004 xo |||||||||||||||||cze| |
| 015 |
|
|
|a SNBRB
|
| 035 |
|
|
|a (uuid)4c61c1a9-ea18-4284-b4ff-7d0862c93579
|
| 035 |
|
|
|a (urnnbn)urn:nbn:sk:snk:ar-a08i3y
|
| 035 |
|
|
|a urn:nbn:sk:snk-ab9kfp
|
| 040 |
|
|
|a SNKBUCL
|b slo
|c SNKBUCL
|e AACR2
|
| 041 |
0 |
|
|a cze
|
| 044 |
|
|
|a xo
|c SK
|
| 100 |
1 |
|
|a Tenkrát, Daniel
|4 aut
|9 1164306
|
| 245 |
1 |
0 |
|a VYUŽITÍ AGLOMERAČNÍCH TECHNOLOGIÍ PRO PRODUKCI PALIVA Z ODPADNÍHO PAPÍRU
|c Daniel Tenkrát, Ondřej Prokeš, Hans-Werner Schröder, Wolfgang Naundorf
|
| 246 |
3 |
|
|a Agglomeration of waste paper for solid fuel production
|
| 700 |
1 |
|
|a Prokeš, Ondřej
|4 aut
|9 1164305
|
| 700 |
1 |
|
|a Schröder, Hans-Werner
|4 aut
|9 1218933
|
| 700 |
1 |
|
|a Naundorf, Wolfgang
|4 aut
|9 1218934
|
| 773 |
0 |
|
|t Acta Mechanica Slovaca
|g Roč. 8, č. 3-A (2004), s. 243-249
|
| 958 |
|
|
|a OND
|
| 958 |
|
|
|a EUIPO
|
| 958 |
|
|
|a article13
|
| 999 |
|
|
|c 2136641
|d 2138571
|